000 00860nam a2200205Ia 4500
999 _c36389
_d36389
001 2303
003 GE_BSU
005 20190528142932.0
008 181216s2009||||ge |||||||||||||| ||geo||
020 _a9789941907111
040 _cGE_BSU
041 _ageo
080 _a331.105.44 პ–91
245 _aპროფესიული კავშირების საქმიანობასთან დაკავშირებული საკანონმდებლო აქტების კრებული.
264 _aთბილისი :
_bსიესტა,
_c2009.
300 _a323 გვ.
_b21 სმ.
653 _a საქართველოს პროფკავშირები
653 _aსაქართველოს შრომის კანონმდებლობა
942 _cBK
_2udc